<?xml version="1.0" encoding="UTF-8"?>
<record
    xmlns:xsi="http://www.w3.org/2001/XMLSchema-instance"
    xsi:schemaLocation="http://www.loc.gov/MARC21/slim http://www.loc.gov/standards/marcxml/schema/MARC21slim.xsd"
    xmlns="http://www.loc.gov/MARC21/slim">

  <leader>00980nac a22002291u 4500</leader>
  <controlfield tag="008">090318s1976    xxu||||| |||| 00| 0 ara d</controlfield>
  <datafield tag="020" ind1=" " ind2=" ">
    <subfield code="a">9777065523</subfield>
  </datafield>
  <datafield tag="082" ind1=" " ind2=" ">
    <subfield code="a">510</subfield>
    <subfield code="b">&#x622; &#x64A; &#x631;</subfield>
  </datafield>
  <datafield tag="245" ind1=" " ind2=" ">
    <subfield code="a">&#x645;&#x644;&#x62E;&#x635;&#x627;&#x62A; &#x633;&#x634;&#x648;&#x645; &#x646;&#x638;&#x631;&#x64A;&#x627;&#x62A; &#x648;&#x645;&#x633;&#x627;&#x626;&#x644; &#x641;&#x64A; &#x627;&#x644;&#x645;&#x635;&#x641;&#x648;&#x641;&#x627;&#x62A; /</subfield>
    <subfield code="c">&#x62A;&#x623;&#x644;&#x64A;&#x641; &#x641;&#x631;&#x627;&#x646;&#x643; &#x622;&#x64A;&#x631;&#x632; &#x61B;  &#x62A;&#x631;&#x62C;&#x645;&#x629; &#x646;&#x62E;&#x628;&#x629; &#x645;&#x646; &#x627;&#x644;&#x623;&#x633;&#x627;&#x62A;&#x630;&#x629; &#x627;&#x644;&#x645;&#x62A;&#x62E;&#x635;&#x635;&#x64A;&#x646; &#x61B; &#x645;&#x631;&#x627;&#x62C;&#x639;&#x629; &#x641;&#x627;&#x631;&#x648;&#x642; &#x627;&#x644;&#x628;&#x62A;&#x627;&#x646;&#x648;&#x646;&#x649;</subfield>
  </datafield>
  <datafield tag="246" ind1=" " ind2=" ">
    <subfield code="a">&#x645;&#x644;&#x62E;&#x635;&#x627;&#x62A; &#x633;&#x634;&#x648;&#x645;</subfield>
  </datafield>
  <datafield tag="260" ind1=" " ind2=" ">
    <subfield code="a">&#x627;&#x644;&#x642;&#x627;&#x647;&#x631;&#x629; :</subfield>
    <subfield code="b">&#x645;&#x624;&#x633;&#x633;&#x629; &#x627;&#x644;&#x623;&#x647;&#x631;&#x627;&#x645;&#x60C;1976</subfield>
    <subfield code="c">1976.</subfield>
  </datafield>
  <datafield tag="300" ind1=" " ind2=" ">
    <subfield code="a">258 &#x635; :</subfield>
    <subfield code="b">&#x627;&#x64A;&#x636; &#x61B;</subfield>
    <subfield code="c">30 &#x633;&#x645;.</subfield>
  </datafield>
  <datafield tag="490" ind1=" " ind2="0">
    <subfield code="9">21216</subfield>
    <subfield code="a">&#x633;&#x644;&#x633;&#x644;&#x629; &#x645;&#x644;&#x62E;&#x635;&#x627;&#x62A; &#x633;&#x634;&#x648;&#x645;</subfield>
  </datafield>
  <datafield tag="500" ind1=" " ind2=" ">
    <subfield code="a">&#x64A;&#x634;&#x62A;&#x645;&#x644; &#x639;&#x644;&#x649;  &#x643;&#x634;&#x627;&#x641;</subfield>
  </datafield>
  <datafield tag="650" ind1=" " ind2=" ">
    <subfield code="a">&#x627;&#x644;&#x62C;&#x628;&#x631;</subfield>
    <subfield code="9">21217</subfield>
  </datafield>
  <datafield tag="650" ind1=" " ind2=" ">
    <subfield code="a">&#x627;&#x644;&#x631;&#x64A;&#x627;&#x636;&#x64A;&#x627;&#x62A;</subfield>
    <subfield code="9">8640</subfield>
  </datafield>
  <datafield tag="700" ind1="1" ind2=" ">
    <subfield code="9">21218</subfield>
    <subfield code="a">&#x627;&#x644;&#x628;&#x62A;&#x627;&#x646;&#x648;&#x646;&#x649; &#x60C; &#x641;&#x627;&#x631;&#x648;&#x642;</subfield>
    <subfield code="e">&#x645;&#x631;&#x627;&#x62C;&#x639;&#x629;</subfield>
  </datafield>
  <datafield tag="942" ind1=" " ind2=" ">
    <subfield code="c">BB</subfield>
    <subfield code="k">510 &#x622; &#x64A; &#x631;</subfield>
    <subfield code="2">ddc</subfield>
    <subfield code="h">RDA-MOD</subfield>
  </datafield>
  <datafield tag="999" ind1=" " ind2=" ">
    <subfield code="c">7127</subfield>
    <subfield code="d">7127</subfield>
  </datafield>
  <datafield tag="336" ind1=" " ind2=" ">
    <subfield code="2">rdacontent</subfield>
    <subfield code="a">&#x646;&#x635;</subfield>
    <subfield code="b">txt</subfield>
  </datafield>
  <datafield tag="337" ind1=" " ind2=" ">
    <subfield code="a">&#x628;&#x62F;&#x648;&#x646; &#x648;&#x633;&#x64A;&#x637;</subfield>
    <subfield code="2">rdamedia</subfield>
    <subfield code="b">n</subfield>
  </datafield>
  <datafield tag="338" ind1=" " ind2=" ">
    <subfield code="a">&#x645;&#x62C;&#x644;&#x62F;</subfield>
    <subfield code="b">nc</subfield>
    <subfield code="2">rdacarrier</subfield>
  </datafield>
  <datafield tag="952" ind1=" " ind2=" ">
    <subfield code="0">0</subfield>
    <subfield code="1">0</subfield>
    <subfield code="2">ddc</subfield>
    <subfield code="4">0</subfield>
    <subfield code="7">0</subfield>
    <subfield code="8">Alef-Baa</subfield>
    <subfield code="a">MAIN</subfield>
    <subfield code="b">MAIN</subfield>
    <subfield code="c">1ST</subfield>
    <subfield code="d">2010-12-15</subfield>
    <subfield code="e">purchase</subfield>
    <subfield code="o">510 &#x622; &#x64A; &#x631;</subfield>
    <subfield code="p">000008195</subfield>
    <subfield code="r">2025-07-15 00:00:00</subfield>
    <subfield code="y">BB</subfield>
  </datafield>
</record>
